|
|
|
|
| LEADER |
01381nam a22003252a 4500 |
| 001 |
000131551 |
| 003 |
CZ BrMZK |
| 005 |
20140723150050.0 |
| 007 |
ta |
| 008 |
970107s1960 xr f cze d |
| 015 |
|
|
|a cnb000730308
|
| 035 |
|
|
|a (OCoLC)4557635
|
| 040 |
|
|
|a BOA001
|b cze
|
| 100 |
1 |
|
|a Neustupný, Jiří,
|d 1905-1981
|7 jk01090101
|4 aut
|
| 245 |
1 |
0 |
|a Pravěk Československa /
|c napsali Jiří Neústupný ... [et al.]
|
| 250 |
|
|
|a 1. vyd.
|
| 260 |
|
|
|a Praha :
|b Orbis,
|c 1960
|
| 300 |
|
|
|a 489 s., fot. příl.
|
| 490 |
1 |
|
|a Věda a život
|
| 830 |
|
0 |
|a Věda a život (Orbis)
|0 s
|
| 856 |
4 |
1 |
|u http://www.digitalniknihovna.cz/mzk/uuid/uuid:7cbd29c0-96f2-11e2-9a9f-005056827e51
|y Digitalizovaný dokument
|x NDK
|
| 910 |
|
|
|a BOA001
|b PK-0025.561
|b 2-0445.300
|
| 920 |
|
|
|a 000082450
|
| 964 |
|
|
|a ČSR - pravěk - dějiny
|
| 990 |
|
|
|a BK
|
| 996 |
7 |
|
|b 2619748641
|c 2-0445.300
|l MZK
|r Sklad / do 24 hodin
|n 7
|w 000131551
|u 000060
|a 1
|e BOA001
|j MZK50
|s A
|
| 996 |
7 |
|
|b 2619975513
|c 2-0445.300
|l MZK
|r Sklad / do 24 hodin
|n 18
|w 000131551
|u 000050
|a 1
|e BOA001
|j MZK50
|s A
|
| 996 |
6 |
|
|b 2619981620
|c 2-0445.300
|l MZK
|r Sklad / do 24 hodin
|n 7
|w 000131551
|u 000030
|a 1
|e BOA001
|j MZK50
|s P
|
| 996 |
6 |
|
|b 3119940408
|c PK-0025.561
|l MZK
|r HSS 5p
|n 0
|h 94(437) NEU
|w 000131551
|u 000020
|a 0
|e BOA001
|j MZK50
|s P
|
| 996 |
7 |
|
|b 3119956017
|c PK-0025.561
|l MZK
|r Sklad / do 1 hodiny
|n 24
|w 000131551
|u 000010
|a 1
|e BOA001
|j MZK50
|s A
|